Incontri: für 24 Instrumente

Uloženo v:
Podrobná bibliografie
Hlavní autor: Nono, Luigi (komponist)
Médium: Hudebnina Kniha
Jazyk:němčina
Vydáno: Mainz Ars Viva 1958
Edice:Studien-partituren, 52
Témata:
Tagy: Přidat tag
Žádné tagy, Buďte první, kdo vytvoří štítek k tomuto záznamu!

MARC

LEADER 00000ncm a2200000 a 4500
001 UCY1349
003 CL-VaPUC
005 20231024151212.0
008 940830e19580000GW |||||||||||||||||ger|d
999 |c 230083  |d 230081 
040 |c Pontificia Universidad Católica de Valparaíso 
082 0 4 |a Or784.2 NON 1958  |2 21 
100 |a Nono, Luigi  |e komponist  |9 329305 
245 1 0 |a Incontri: für 24 Instrumente 
260 |a Mainz  |b Ars Viva  |c 1958 
300 |a 37 p 
490 0 |a Studien-partituren, 52 
583 |a last modification  |c 19940830 00:00:00  |k Rodrigo Vera 
650 0 |a Música orquestal  |2 CL-VaPUC  |9 306546 
650 0 |a Música, siglo 20  |2 CL-VaPUC  |9 324961 
650 0 |a Música contemporánea  |2 CL-VaPUC  |9 306742 
650 0 |a Compositores italianos  |9 329309 
650 0 |a Música italiana, siglo 20  |2 CL-VaPUC  |9 329310 
942 |c BK  |2 ddc 
945 |d 19940830 00:00:00  |a oaravena 
952 |0 0  |1 0  |2 ddc  |4 0  |6 OR_784_200000000000000_NON_1958  |7 0  |8 F  |9 231979  |a BIBEDU  |b BIBEDU  |d 2019-11-15  |i 299805K  |o Or784.2 NON 1958  |p 299805K  |r 2023-11-22  |w 2019-11-15  |y PA  |k MUS